| 000 | 01548cam a2200481 a 4500 | ||
|---|---|---|---|
| 001 | 22294 | ||
| 003 | VRT | ||
| 005 | 20260325125737.0 | ||
| 008 | 240314s2014 xo g 000 f slo | ||
| 015 | _aSNBA2015/10 | ||
| 020 |
_a9788081640452 _q(viaz.) |
||
| 035 | _a8C3691F3-A77C-4DF6-B343-A571DC340FD9 | ||
| 035 | _aurn:nbn:sk:snk-amlf5s | ||
| 035 | _aurn:nbn:sk:snk-am008y0t | ||
| 039 | 9 |
_a202403140904 _bVLOAD _c202203240739 _dcsnkv15 _c201606102008 _dVLOAD _c201604291538 _dVLOAD |
|
| 040 |
_aPOKPOH _bslo _cPOKPOH _dSNK _eAACR2 |
||
| 041 | 1 |
_aslo _heng |
|
| 044 |
_axo _cSK |
||
| 072 | 7 |
_a821.111(73)-3 _xAmerická próza _2konspekt |
|
| 080 |
_a821.111(73)-31 _22001 |
||
| 100 | 1 |
_aSterry, David Henry _4aut |
|
| 240 | 1 | 0 |
_aChicken - self portrait of a young man for rent _lSlovensky |
| 245 | 1 | 0 |
_aZajačik _b[skutočný príbeh gigola] _cDavid Henry Sterry ; [z anglického originálu preložil František Kôpka] |
| 250 | _a1. vyd. | ||
| 260 |
_a[Bratislava] _bMotýľ _c2014 |
||
| 300 |
_a227 s. _c21 cm |
||
| 500 | _aMiesto vyd. podľa ISBN | ||
| 655 | 7 |
_aamerické romány _2SNKPH |
|
| 655 | 7 |
_aAmerican fiction _2SNKPHeng |
|
| 700 | 1 |
_aKôpka, František _c(prekladateľ) _4trl |
|
| 910 | _apokpoh | ||
| 910 | _apppk | ||
| 910 | _attkjf | ||
| 910 | _abjkdg | ||
| 910 | _asllk | ||
| 910 | _atotk | ||
| 910 | _avthk | ||
| 910 | _asnk | ||
| 910 | _ahevk | ||
| 942 |
_2ddc _cKLDO _n0 |
||
| 949 |
_617A1173009 _asnkSC 166558 _bsnk2015/28279 _o2122/2015 _s6100:20151029 |
||
| 949 |
_617A1173508 _asnkSC 166558 D1 _bsnk2015/29318 |
||
| 999 |
_c22294 _d22294 |
||